A Perfectly Good Heart lyrics - Statistics

General Stats
  • This quiz has been taken 40 times
  • The average score is 211 of 226
Answer Stats
Lyrics % Correct
a
100%
break
100%
break,
100%
good
100%
heart?
100%
I
100%
it
100%
It
100%
No
100%
perfectly
100%
take
100%
wanna
100%
Why
100%
would
100%
you
100%
all
95%
be
95%
first
95%
love
95%
make
95%
me
95%
on
95%
our
95%
the
95%
and
91%
scar?
91%
to
91%
very
91%
your
91%
apart
86%
but
86%
can't
86%
in
86%
It's
86%
that
86%
way
86%
what
86%
by
82%
do
82%
eyes
82%
not
82%
should've
82%
tear
82%
was
82%
away
77%
don't
77%
now?
77%
one
77%
say,
77%
seen
77%
back
73%
believe
73%
fall
73%
How
73%
matter
73%
Maybe
73%
signs,
73%
walk
73%
before?
68%
distance
68%
sense
68%
still
68%
wall
68%
get
64%
read
64%
realized
64%
writing
64%
anymore
59%
unbroken
59%
No matching quizzes found
Score Distribution
Percent of People with Each Score
Percentile by Number Answered
Your Score History
You have not taken this quiz